Унтуулгын аппаратын аюулгүй ажиллагааны сургалтын утасны аппликейшн хөгжүүлэлт: (Record no. 37884)

MARC details
000 -LEADER
fixed length control field 02251nam a22003617a 4500
003 - CONTROL NUMBER IDENTIFIER
control field MN_MNUMS
005 - DATE AND TIME OF LATEST TRANSACTION
control field 20260601132707.0
008 - FIXED-LENGTH DATA ELEMENTS--GENERAL INFORMATION
fixed length control field 260601b mp ||||| |||| 00| 0 mon d
040 ## - CATALOGING SOURCE
Original cataloging agency MN_MNUMS
Language of cataloging MON
Transcribing agency MN_MNUMS
Modifying agency MN_MNUMS
Description conventions rda
041 ## - LANGUAGE CODE
Language code of text/sound track or separate title MON
072 ## - SUBJECT CATEGORY CODE
Subject category code 078810
082 ## - DEWEY DECIMAL CLASSIFICATION NUMBER
Edition number 21
Item number Т 566
Classification number 362.1
100 0# - MAIN ENTRY--PERSONAL NAME
Personal name Төгөлдөр, Г.
Relator term судлаач
9 (RLIN) 67555
245 10 - TITLE STATEMENT
Title Унтуулгын аппаратын аюулгүй ажиллагааны сургалтын утасны аппликейшн хөгжүүлэлт:
Remainder of title Дэд бакалаврын зэрэг горилсон нэг сэдэвт бүтээл: 078810-Эмнэлгийн тоног төхөөрөмжийн ашиглалт
Statement of responsibility, etc. /Судлаач: Ганхуягийн Төгөлдөр; Дипломын ажлын удирдагч: Техникийн ухааны магистр Д. Булгансүрэн; Шүүмжлэгч: Анагаах ухааны магистр Т. Ахыт.
264 #1 - PRODUCTION, PUBLICATION, DISTRIBUTION, MANUFACTURE, AND COPYRIGHT NOTICE
Place of production, publication, distribution, manufacture Улаанбаатар:
Name of producer, publisher, distributor, manufacturer [Хэвлэлийн газар тодорхойгүй]
Date of production, publication, distribution, manufacture, or copyright notice c2026.
300 ## - PHYSICAL DESCRIPTION
Extent 60 хуудастай :
Other physical details зурагтай, хүснэгт, графиктай, 12х12 CD-тэй;
Dimensions 30 см
336 ## - CONTENT TYPE
Source rdacontent
Content type term text
Content type code txt
502 ## - DISSERTATION NOTE
Degree type Дэд бакалавр
Name of granting institution Анагаахын Шинжлэх Ухааны Үндэсний Их Сургууль
Year degree granted 2026
504 ## - BIBLIOGRAPHY, ETC. NOTE
Bibliography, etc. note Ном зүйтэй (хуудас 35)
546 ## - LANGUAGE NOTE
Хэл Монгол
Information code or alphabet (Кирилл)
650 #4 - SUBJECT ADDED ENTRY--TOPICAL TERM
Topical term or geographic name entry element эмнэлгийн тоног төхөөрөмжийн ашиглалт
9 (RLIN) 67875
Topical term or geographic name entry element унтуулгын аппарат
9 (RLIN) 24720
Topical term or geographic name entry element Atlan A300XL
9 (RLIN) 67876
Topical term or geographic name entry element мобайл аппликейшн
9 (RLIN) 67877
Topical term or geographic name entry element Flutter
9 (RLIN) 71545
Topical term or geographic name entry element аюулгүй ажиллагааны сургалт
9 (RLIN) 71546
700 0# - ADDED ENTRY--PERSONAL NAME
Personal name Булгансүрэн, Д.
Relator term удирдагч
9 (RLIN) 66096
Personal name Ахыт, Т.
Relator term шүүмжлэгч
9 (RLIN) 66028
710 ## - ADDED ENTRY--CORPORATE NAME
Corporate name or jurisdiction name as entry element Анагаахын Шинжлэх Ухааны Үндэсний Их Сургууль
Relator term Эрхэлсэн байгууллага
9 (RLIN) 35462
Subordinate unit Био-Анагаахын сургууль
856 ## - Цахимаар унших
Public note ЦАХИМ ХУВИЛБАР УНШИХ
Public note ТОВЧ ХУРААНГУЙ ҮЗЭХ
942 ## - ADDED ENTRY ELEMENTS (KOHA)
Source of classification or shelving scheme Dewey Decimal Classification
Koha item type Бакалаврын тезис
Holdings
Date last seen Inventory number Total Checkouts Full call number Barcode Price effective from Koha item type Lost status Source of classification or shelving scheme Damaged status Not for loan Withdrawn status Home library Current library Shelving location Date acquired Cost, normal purchase price
06/01/2026 4488   Т 566 362.1 ATNS-BT00704 06/01/2026 Бакалаврын тезис   Dewey Decimal Classification       Эрдэм шинжилгээний номын сан Эрдэм шинжилгээний номын сан Эрдэм шинжилгээний уншлагын танхим 06/01/2026 1000.00